[Event "GER Pfingstopen U12"]
[Site "Playchess.com INT"]
[Date "2020.06.02"]
[Round "6"]
[White "Fischer, Juliane"]
[Black "Fenski, Ole"]
[Result "1/2-1/2"]
[WhiteElo "1517"]
[BlackElo "1620"]
[PlyCount "63"]
[EventDate "2020.06.02"]
[EventType "swiss (blitz)"]
[EventRounds "11"]
[EventCountry "GER"]
[SourceTitle "CBM 197 Extra"]
[Source "ChessBase"]
[SourceDate "2020.09.30"]
[SourceVersion "1"]
[SourceVersionDate "2020.09.30"]
[SourceQuality "1"]

1. e4 e5 2. Nf3 Nc6 3. Nc3 Bc5 4. Nxe5 Nxe5 5. d4 Bd6 6. dxe5 Bxe5 7. f4 Bxc3+ 8. bxc3 d6 9. Bc4 Nf6 10. Qe2 Bd7 11. 0-0 0-0 12. e5 dxe5 13. fxe5 Ng4 14. h3 Nh6 15. Bxh6 gxh6 16. Qh5 Qg5 17. Qf3 Be6 18. Bxe6 fxe6 19. Qxb7 Qxe5 20. Rxf8+ Rxf8 21. Qxa7 Qxc3 22. Rf1 Rxf1+ 23. Kxf1 Qxc2 24. Qa8+ Kf7 25. a4 Qd3+ 26. Kf2 Qd4+ 27. Kf3 Qd3+ 28. Kf4 Qf5+ 29. Kg3 Qe5+ 30. Kf2 Qd4+ 31. Kf3 Qd3+ 32. Kf2 1/2-1/2